Farbe internationaler Fußballvereine (Schwierigkeit Einfach) - Statistiken

Allgemein
  • Dieses Quiz wurde 105 mal gespielt
  • Das Durchschnittsergebnis liegt bei 18 aus 24
Antwortstatistiken
Verein Farben % Korrekt
Juventus Turin Schwarz-Weiß
99%
FC Barcelona Rot-Blau
97%
Arsenal Rot-Weiß
93%
Real Madrid Weiß
91%
Paris Saint Germain Blau-Rot
90%
AC Mailand Rot-Schwarz
90%
Ajax Amsterdam Rot-Weiß
90%
Chelsea FC Blau-Weiß
87%
Manchester City Hellblau-Weiß
87%
FC St. Pauli Braun-Weiß
86%
AS Monaco Rot Weiß
84%
Inter Mailand Blau-Schwarz
83%
Celtic Glasgow Grün-Weiß
83%
Atletico Madrid Rot-Weiß
79%
Sporting CP Grün-Weiß
78%
VfL Wolfsburg Grün-Weiß
77%
Newcastle United Schwarz-Weiß
76%
SC Paderborn Blau-Schwarz
63%
Benfica Lissabon Rot-Weiß
59%
Borussia Mönchengladbach Schwarz-Weiß-Grün
59%
Tottenham Hotspurs Weiß-Blau
58%
AS Rom Rot-Gelb
52%
Aston Villa Weinrot-Hellblau
41%
Feyenoord Rotterdam Rot-Weiß-Schwarz
37%
Keine übereinstimmenden Quizze gefunden
Verteilung der Resultate
Anzahl Personen mit jedem Resultat
Perzentil nach korrekt beantworteten Fragen
Ihre Resultats-Entwicklung
Sie haben dieses Quiz noch nicht gespielt